00820 2200241 4500001002100000005001500021035002000036007000300056008004100059020002200100082001100122084001500133245022800148250001000376260004800386300003100434650003000465700001900495700001900514110002300533990001100556990001100567INLIS00000000000421820191014032828 a0010-1019000070ta191014 f 0 ind  a978-979-055-734-5 a297.98 a297.98 PAR1 aPara Pemburu Surga :bMus'ab bin Umair, Salman Al Farisi, Abu Dzar Al Ghifari, Bilal bin Rabah, Abdullah bin Umar, Shuhaib, Mu'adz bin Jabal, Miqdad bin Amr, Hamzah /cTim Syaamil Books; editor, Rohmat Kurnia, Rani Yulianty acet.1 aBandung :bSygma Creative Media Corp,c2017 a48 hlm. :bilus. ;c28 cm. 4aISLAM. CERITA TOKOH ISLAM0 aROHMAT, Kurnia0 aRANI, Yulianty aTIM, Syaamil Books a6941 a a6941 b